Who killed Karkare? : (Record no. 541264)
[ view plain ]
| 000 -LEADER | |
|---|---|
| fixed length control field | 00774cam a2200205 a 4500 |
| 020 ## - INTERNATIONAL STANDARD BOOK NUMBER | |
| International Standard Book Number | 9788172210533 |
| 082 ## - DEWEY DECIMAL CLASSIFICATION NUMBER | |
| Classification number | 363.325095479 MUS |
| 100 1# - MAIN ENTRY--PERSONAL NAME | |
| Personal name | Mushrif, S. M. |
| 245 10 - TITLE STATEMENT | |
| Title | Who killed Karkare? : |
| Remainder of title | the real face of terrorism in India / |
| Statement of responsibility, etc. | S.M. Mushrif. |
| 250 ## - EDITION STATEMENT | |
| Edition statement | 5th ed. |
| 260 ## - PUBLICATION, DISTRIBUTION, ETC. | |
| Place of publication, distribution, etc. | New Delhi : |
| Name of publisher, distributor, etc. | Pharos Media & Pub., |
| Date of publication, distribution, etc. | 2018. |
| 300 ## - PHYSICAL DESCRIPTION | |
| Extent | 342 p. ; |
| Dimensions | 21.5 cm. |
| 650 #0 - SUBJECT ADDED ENTRY--TOPICAL TERM | |
| Topical term or geographic name entry element | Terrorism |
| 650 #0 - SUBJECT ADDED ENTRY--TOPICAL TERM | |
| Topical term or geographic name entry element | Communalism |
| 942 ## - ADDED ENTRY ELEMENTS (KOHA) | |
| Source of classification or shelving scheme | |
| Koha item type | Book |
| 650 #0 - SUBJECT ADDED ENTRY--TOPICAL TERM | |
| -- | 35664 |
| 650 #0 - SUBJECT ADDED ENTRY--TOPICAL TERM | |
| -- | 35665 |
| Withdrawn status | Lost status | Source of classification or shelving scheme | Materials specified (bound volume or other part) | Damaged status | Not for loan | Permanent Location | Current Location | Date acquired | Source of acquisition | Total Checkouts | Full call number | Barcode | Date last seen | Price effective from | Koha item type |
|---|---|---|---|---|---|---|---|---|---|---|---|---|---|---|---|
| Donated by Rector NUST Islamabad | Central Library (CL) | Central Library (CL) | 02/11/2021 | Donation | 363.325095479 MUS | CL-D-1055 | 02/11/2021 | 02/11/2021 | Book |
